Fràgil [Objecte]
Publicado:
Barcelona :
Diputació de Barcelona. Àrea de Cultura. Xarxa de Biblioteques Municipals, [2009]
Descripción Física:
1 adhesiu : col. ; 11 x 21 cm
MARC
| LEADER | 00000nam a2200000Ia 4500 | ||
|---|---|---|---|
| 001 | 22150 | ||
| 008 | 160829s9999 xx 000 0 cat d | ||
| 080 | |a NBM-4-3 | ||
| 245 | |a Fràgil [Objecte] | ||
| 260 | |a Barcelona : |b Diputació de Barcelona. Àrea de Cultura. Xarxa de Biblioteques Municipals, [2009] | ||
| 300 | |a 1 adhesiu : |b col. ; |c 11 x 21 cm | ||
| 710 | 1 | |a Barcelona (Catalunya : Província). |b Xarxa de Biblioteques Municipals |9 52650 | |
| 901 | |a Arxiu | ||
| 942 | |n 1 | ||
| 952 | |0 0 |1 0 |4 0 |6 NBM43 |7 1 |9 54195 |a Arxiu |b Arxiu |d 2016-12-01 |l 0 |o NBM-4-3 |p 22150 |r 2016-12-01 00:00:00 |w 2016-12-01 |y ARXIU | ||
| 999 | |c 58064 |d 58064 | ||